| 000 | 01152nam a22002657a 4500 | ||
|---|---|---|---|
| 005 | 20240530110351.0 | ||
| 008 | 141224s2010 ua dk g b 000 0 ara d | ||
| 017 |
_a2009/4563 _bمصر . دار الكتب المصرية |
||
| 020 | _a9770452232 | ||
| 040 | _aEG-CaGPL | ||
| 041 | 0 | _aara | |
| 082 | 0 | 4 |
_221 _a370.116\ _bى ج |
| 100 | 0 | _aياسر عبدالسلام عبدالمجيد راضى | |
| 245 | 1 | 2 |
_aالجهود التربوية لمنظمتى اليونسكو و الاليكسو و كيفية الافادة منها / _cياسر عبدالسلام عبدالمجيد راضى |
| 260 |
_aالاسكندرية : _bدار الفكر الجامعى ، _c2010 |
||
| 300 |
_a339 ص : _bايض ؛ _c24 سم |
||
| 504 | _aببليوجرافية : ص 307 - 329 | ||
| 650 | 0 | 4 |
_aالتعليم _xاغراضة و اهدافة _xمنظمة اليونسكو |
| 650 | 0 | 4 |
_aالتعليم _xاغراضة و اهدافة _xمنظمة الاليسكو |
| 650 | 0 | 4 |
_aالتعليم _xبرامج |
| 650 | 0 | 4 | _aالتخطيط التربوى |
| 650 | 0 | 4 |
_aالتعليم _xتمويل |
| 942 |
_2ddc _cBK |
||
| 999 |
_c60077 _d60077 |
||